00506nam a2200181Ia 4500999001700000003000400017005001700021008004100038020001800079040000900097082001800106100003500124245005900159260003800218300000800256650001800264942004200282 c20468d20468OSt20201110103140.0190216s9999||||xx |||||||||||||| ||und|| a9780140157499 coclc a863.64bMAR/N aMarquez, Gabriel Garcia95316 0aNo One Writes To The Colonel /cGabriel Garcia Marquez bPenguin Books,c1968.aNew Delhi: a67p aWorld History cBK2ddch863.64iMAR/Nk863.64mMAR/N